Hodnotenie a meranie výkonnosti vo vybranom podniku diplomová práca

Saved in:
Bibliographic Details
Main Author: Harmanová, Romana
Corporate Author: Podnikovohospodárska fakulta EU so sídlom v Košiciach. Katedra manažmentu
Other Authors: Bobenič Hintošová, Aneta, 1979-
Format: Book
Language:Slovak
Published: Košice 2020
Tags: Add Tag
No Tags, Be the first to tag this record!

MARC

LEADER 00000nbm a2200000 4500
001 0265293
005 20210421115458.1
041 0 |a slo 
044 |a SK 
245 1 0 |a Hodnotenie a meranie výkonnosti vo vybranom podniku  |b diplomová práca  |c Romana Harmanová ; školiteľ: Aneta Bobenič Hintošová 
264 1 |a Košice  |c 2020 
300 |a 100 s. 
100 1 |a Harmanová, Romana 
700 1 |a Bobenič Hintošová, Aneta, 1979- 
710 2 |a Podnikovohospodárska fakulta EU so sídlom v Košiciach. Katedra manažmentu